Prussia Quiz - Statistics

General Stats
  • This quiz has been taken 73 times
  • The average score is 13 of 20
Answer Stats
Hint Answer % Correct
Capital of the Kingdom Berlin
91%
Dictator that took over said republic in 1934 Adolf Hitler
88%
Prussian Prime Minister that helped unify Germany Otto von Bismarck
84%
Country that the confederation won a war against in 1870 France
83%
First German Emperor William
83%
Year that the Prussian-led German Empire was formed at the end of that war 1871
79%
Royal house that ruled Prussia until the abolition of its Monarchy Hohenzollern
78%
Year that Prussian monarchy was abolished, forming the Free State of Prussia 1918
76%
Year that the Allied Powers finally abolished Prussia 1947
76%
Capital of the Duchy of Prussia Konigsberg
76%
Republic that the Free State of Prussia was part of from 1918-1934 Weimar Republic
76%
Country that annexed the original ducal capital from Nazi Germany in 1945 Soviet Union
72%
Margraviate that Prussia entered a personal union with in 1618 Brandenberg
71%
The new name of the city Kaliningrad
69%
Prussian-led Confederation that replaced the German Confederation in 1866 North German Confederation
60%
Catholic State that preceded the Duchy of Prussia Teutonic State
57%
The "Year of the Three Emperors" 1888
50%
Year that the Duchy of Prussia and the above formed into a Kingdom 1701
38%
Year that Prussia was secularized by the above 1525
17%
First Duke who was formerly the Grand Master of the above Albert
16%
No matching quizzes found
Score Distribution
Percent of People with Each Score
Percentile by Number Answered
Your Score History
You have not taken this quiz